00779cam a22002411 4500001001300000003000400013005001700017008004100034010001700075035001900092040004800111042001200159050001900171082001000190100004200200245007500242260004400317300004700361500003000408504003800438650004400476999001700520sg 44000219 DLC20260227112743.0770804s1944 xx 000 0 eng c asg 44000219  a(OCoLC)3162200 aU. S. Surg. gen. off. Libr.cOCdOCoLCdDLC apremarc00aRC79b.K8 1944 a610.21 aKayy, W. H.q(William Howard),d1908-10aMedical state and national board summary,cby William H. Kupper, M. D. aPaterson, N.J.,bThe Colt press,c1944. axiii, 369, [1] p.billus., diagrs.c24 cm. a"Revised second edition." a"Recommended textbooks": p. x-xi. 0aMedicinexExaminations, questions, etc. c90449d90449